Ramaz Teachers' First Names Quiz Stats

 Plays Quiz not verified by Sporcle

Score 0/81 Timer 10:00
0 Plays Today
Last Name First Name % Correct
DeutschDavid
82.9%
GriswoldDavid
82.9%
BenelDeeDee
76.7%
GaylordJosh
76.7%
WeinsteinAgnus
76.7%
RabhanRachel
76.2%
ChechikAnne
73.6%
MillerIra
73.6%
GoldmintzJay
73.1%
KlotzJay
73.1%
StoneJay
73.1%
LooksteinChaike
72%
SlomnickyEli
72%
CohenMiriam
69.4%
FaginJudith
69.4%
KrupkaMiriam
69.4%
AmparoBaron
68.9%
ElishaEhran
68.9%
MalamyLinda
68.4%
AharonTerri
67.4%
DulnyRandy
67.4%
LitwackSusan
67.4%
NewmanMandy
67.4%
JucovyJon
66.8%
MilowitzSteven
65.8%
ReslewicSusan
64.8%
BeerBenjamin
64.2%
Last Name First Name % Correct
HumesKenneth
62.7%
SchiowitzKenneth
62.7%
MaccabeeAda
61.1%
HenkinDaniel
59.6%
StochelShlomo
59.1%
KoplonRenee
57.5%
LuppinacciMike
57.5%
EnisRyan
56.5%
WeiserYossie
56%
HonigEdith
54.9%
HindinYair
53.9%
MoskowitzNechama
53.9%
LondonHailey
53.4%
SklarinYigal
53.4%
MarkowitzSam
52.8%
SheinbeinYosepha
52.3%
ScuderaLisa
51.8%
GrauerSeth
50.8%
TurkJennifer
50.8%
KuckThomas
50.3%
BarakDana
48.2%
WarshallJoan
48.2%
ZeitchikGerald
48.2%
BrachotLenore
47.7%
SoleveitchikMeir
46.6%
StechlerBezalel
46.1%
SlonimZahava
45.6%
Last Name First Name % Correct
FungMaggie
44%
BarVered
43.5%
AbramsonBarbara
43%
BakstJoshua
41.5%
BlumenthalRafael
40.9%
Sole-ZierAnila
40.9%
SternEly
40.4%
JaffeRodger
39.4%
MoskowitzMayer
37.3%
RosenEllen
37.3%
GomezMayorga
36.3%
GoldbergCaroll
34.2%
HannonPatricia
33.2%
JohnsonDwight
33.2%
YasgurMoshe
32.1%
BernsteinYehuda
28.5%
GranoffDara
26.4%
MandleDara
26.4%
DemeMousse
25.9%
WiesmanChaya
24.9%
LefkowJacqueline
23.3%
MartinBrigid
23.3%
ErbstAvi
20.7%
BirnbaumCarmit
19.7%
DrakeCarolina
19.2%
KaufmanHerschel
17.1%
GoutGwendollyn
15.5%

You're not logged in!

Compare scores with friends on all Sporcle quizzes.
OR
Log In

Sporcle TV

Today on Sporcle TV


Watch our educational content, quiz creation guides, and fun videos on Sporcle TV.

Show Comments

Extras

Created Nov 15, 2010SourceReportNominate
Tags:First Names, last, teacher

Top Quizzes Today


Score Distribution

Your Account Isn't Verified!

In order to create a playlist on Sporcle, you need to verify the email address you used during registration. Go to your Sporcle Settings to finish the process.

Report this User

Report this user for behavior that violates our Community Guidelines.

Details: